MARC

Tag First Indicator Second Indicator Subfields
LEADER 00000cam a22000001a 4500
001 in00003262521
006 m d f
007 cr bn mmmapmmp
008 100322s1982 dcua o f000 0 eng d
005 20260511211806.9
035 |a cis2007494594 
040 |a UMI  |c UMI  |d UtOrBLW 
043 |a n-us--- 
074 |a 1011, 1011-A (microfiche) 
086 0 |a Y 4.Ap 6/1:T 71/983/pt.1-5 
099 |a HRG-1982-HAP-0085 
099 |a HRG-1982-HAP-0086 
099 |a HRG-1982-HAP-0095 
099 |a HRG-1982-HAP-0096 
099 |a HRG-1982-HAP-0097 
110 1 |a United States.  |b Congress.  |b House.  |b Committee on Appropriations.  |b Subcommittee on the Treasury, Postal Service, and General Government Appropriations. 
245 1 0 |a Treasury, Postal Service, and general government appropriations for fiscal year 1983 :  |b hearings before a subcommittee of the Committee on Appropriations, House of Representatives, Ninety-seventh Congress, second session /  |c Subcommittee on the Treasury, Postal Service, and General Government Appropriations. 
264 1 |a Washington :  |b U.S. G.P.O.,  |c 1982. 
300 |a 1 online resource. 
336 |a text  |b txt  |2 rdacontent 
337 |a computer  |b c  |2 rdamedia 
338 |a online resource  |b cr  |2 rdacarrier 
500 |a Record is based on bibliographic data in ProQuest Congressional Hearings Digital Collection. Reuse except for individual research requires license from ProQuest, LLC. 
505 1 |a pt. 1. Department of Treasury ... pt. 2. United States Postal Service ... -- pt. 3. Executive Office of the President -- pt. 4. Federal Labor Relations Authority ... -- pt. 5. General Services Administration. 
538 |a System requirements: PDF reader software. 
500 |a Electronic resource. 
610 1 0 |a United States.  |b Department of the Treasury  |x Appropriations and expenditures. 
610 2 0 |a United States Postal Service  |x Appropriations and expenditures. 
651 0 |a United States  |x Appropriations and expenditures, 1983. 
655 7 |a Electronic books.  |2 local 
710 2 |a ProQuest (Firm) 
776 0 8 |i Print version:   |a United States. Congress. House. Committee on Appropriations. Subcommittee on the Treasury, Postal Service, and General Government Appropriations.  |t Treasury, Postal Service, and general government appropriations for fiscal year 1983  |w (OCoLC)08819027  |w gp 83012416 
776 0 8 |i Microfiche version:   |a United States. Congress. House. Committee on Appropriations. Subcommittee on the Treasury, Postal Service, and General Government Appropriations.  |t Treasury, Postal Service, and general government appropriations for fiscal year 1983.  |d [Bethesda, Md.] : ProQuest,[2004]  |o CIS 82 H181-84 (pt.1)  |o CIS 82 H181-85 (pt.2)  |o CIS 82 H181-94 (pt.3)  |o CIS 82 H181-95 (pt.4)  |o CIS 82 H181-96 (pt.5)  |w (ProQuest)cis08200199 
830 0 |a U.S. Congressional Hearings. 
856 4 0 |u http://proxy.library.tamu.edu/login?url=https://congressional.proquest.com/congcomp/getdoc?HEARING-ID=HRG-1982-HAP-0085  |z Connect to the full text of this electronic book  |t 0 
856 4 0 |u http://proxy.library.tamu.edu/login?url=https://congressional.proquest.com/congcomp/getdoc?HEARING-ID=HRG-1982-HAP-0086  |z Connect to the full text of this electronic book  |t 0 
856 4 0 |u http://proxy.library.tamu.edu/login?url=https://congressional.proquest.com/congcomp/getdoc?HEARING-ID=HRG-1982-HAP-0095  |z Connect to the full text of this electronic book  |t 0 
856 4 0 |u http://proxy.library.tamu.edu/login?url=https://congressional.proquest.com/congcomp/getdoc?HEARING-ID=HRG-1982-HAP-0096  |z Connect to the full text of this electronic book  |t 0 
856 4 0 |u http://proxy.library.tamu.edu/login?url=https://congressional.proquest.com/congcomp/getdoc?HEARING-ID=HRG-1982-HAP-0097  |z Connect to the full text of this electronic book  |t 0 
998 |a cis08200199 
999 |a MARS 
999 f f |s 362bd826-3ffa-3750-ac21-f3f03c391864  |i a7040b9c-3c45-3b08-b558-20836d4a45de  |t 0 
952 f f |a Texas A&M University  |b College Station  |c Electronic Resources  |s www_evans  |d Available Online  |t 0  |e HRG-1982-HAP-0097  |h Other scheme 
998 f f |a HRG-1982-HAP-0097  |t 0  |l Available Online